Το Γεωμετρικό Τεχνικό Σχέδιο (Record no. 1909)
[ view plain ]
| 000 -LEADER | |
|---|---|
| fixed length control field | 01563cam a22001934a 4500 |
| 005 - ΗΜΕΡΟΜΗΝΙΑ ΚΑΙ ΩΡΑ ΤΕΛΕΥΤΑΙΑΣ ΕΝΗΜΕΡΩΣΗΣ | |
| Πεδίο ελέγχου | 20250605164023.0 |
| 008 - FIXED-LENGTH DATA ELEMENTS--GENERAL INFORMATION | |
| Πεδίο ελέγχου σταθερού μήκους | 250528s ||||||||||||||||||||||||d |
| 035 ## - SYSTEM CONTROL NUMBER | |
| System control number | 16408 |
| 040 ## - ΠΗΓΗ ΚΑΤΑΛΟΓΟΓΡΑΦΗΣΗΣ | |
| Φορέας πρωτότυπης καταλογογράφησης | MC Athens Campus Library |
| Γλώσσα καταλογογράφησης | Ελληνικά, Μοντέρνα (1453-) |
| Modifying agency | MC Athens Campus Library |
| Κανόνες περιγραφικής καταλογογράφησης | AACR2 |
| 245 1# - ΤΙΤΛΟΣ ΚΑΙ ΔΗΛΩΣΗ ΥΠΕΥΘΥΝΟΤΗΤΑΣ | |
| Τίτλος | Το Γεωμετρικό Τεχνικό Σχέδιο |
| 250 ## - EDITION STATEMENT | |
| Edition statement | 1η |
| 260 ## - PUBLICATION, DISTRIBUTION, ETC. | |
| Name of publisher, distributor, etc. | Αθήνα, |
| Date of publication, distribution, etc. | 1979 |
| 300 ## - PHYSICAL DESCRIPTION | |
| Extent | 592 |
| 520 ## - SUMMARY, ETC. | |
| Summary, etc. | Εισαγωγή, Βασικά Όργανα Σχεδιαστηρίου: Πρακτική Εφαρμογή στο Τεχνικό Γραφείο, Λειτουργική Οργάνωση στο Τεχνικό Γραφείο, Μέθοδοι Αναπαραγωγής, Το Σχέδιο και τα Μέρη του, Καλλιγραφία, Ελέυθερο Γραμμικό Σχέδιο, Σχέδιο Επίπεδης Γεωμετρίας, Πρακτική Εφαρμογή Γεωμετρικού Σχεδίου, Παραστατική Γεωμετρία, Συμβολισμοί, Υπάρξη και Άλλων Γεωμετριών, Τοπολογία, Ανάπτυγμα, Αξονομετρία, Προοπτική, Σχέδιο Κλασσικής Αρχιτεκτονικής, Σκιαγραφία, Χαρτογραφία, Γραφοστατική, Οικοδομικό Σχέδιο, Στερεώσεις, Συγκολλήσεις, Πρακτική Εφαρμογή Μηχανολογικού Σχεδίου, Μετάδοση Ισχύος και Κίνησης, Βιβλιογραφία. |
| 700 1# - ΠΡΟΣΘΕΤΗ ΑΝΑΓΡΑΦΗ--ΦΥΣΙΚΟ ΠΡΟΣΩΠΟ | |
| Personal name | Σωτηρόπουλος Δ |
| 9 (RLIN) | 2501 |
| 942 ## - ADDED ENTRY ELEMENTS (KOHA) | |
| Koha item type | Books |
| Τύπος τεκμηρίου | Βιβλιοθήκη | Τρέχουσα τοποθεσία | Barcode | Αριθμός εισαγωγής | Ημερομηνία απόκτησης | Ταξιθετικό σύμβολο | Αριθμός αντιτύπου | Κατάσταση απόσυρσης | Κατάσταση χαμένου | Κατάσταση κατεστραμμένου | Μη δανεισμός | Σύνολο δανεισμών | Ημερομηνία τελευταίας εμφάνισης | Η τιμή ισχύει από |
|---|---|---|---|---|---|---|---|---|---|---|---|---|---|---|
| Books | MC Athens Campus Library | MC Athens Campus Library | 9780000019080 | 4112 | 05/06/2025 | 604.2 SOT | 1 | 05/06/2025 | 05/06/2025 |